LEADER 02786nam 2200637Ia 450 001 9910451398303321 005 20200520144314.0 010 $a1-281-34206-8 010 $a9786611342067 010 $a0-19-804302-3 035 $a(CKB)1000000000486633 035 $a(EBL)415508 035 $a(OCoLC)437093833 035 $a(SSID)ssj0000196116 035 $a(PQKBManifestationID)11208939 035 $a(PQKBTitleCode)TC0000196116 035 $a(PQKBWorkID)10143484 035 $a(PQKB)10176246 035 $a(MiAaPQ)EBC415508 035 $a(Au-PeEL)EBL415508 035 $a(CaPaEBR)ebr10218558 035 $a(CaONFJC)MIL134206 035 $a(EXLCZ)991000000000486633 100 $a20070719d2008 uy 0 101 0 $aeng 135 $aur|n|---||||| 181 $ctxt 182 $cc 183 $acr 200 00$aMaking sense of the Vietnam wars$b[electronic resource] $elocal, national, and transnational perspectives /$fedited by Mark Philip Bradley and Marilyn B. Young 210 $aOxford ;$aNew York $cOxford University Press$d2008 215 $a1 online resource (331 p.) 225 1 $aReinterpreting history 300 $aDescription based upon print version of record. 311 $a0-19-531514-6 311 $a0-19-531513-8 320 $aIncludes bibliographical references and index. 327 $aContents; Editors and Contributors; Introduction: Making Sense of the Vietnam Wars; PART I: American Intervention and the Cold War Consensus; PART II: The Coming of War in Vietnam; PART III: War's End and Endless Wars; Index 330 $aMaking sense of the wars for Vietnam has had a long history. The question ""why Vietnam?"" dominated American and Vietnamese political life for much of the length of the wars and has continued to be asked in the decades since they ended. This volume brings together the work of eleven scholars to examine the conceptual and methodological shifts that have marked the contested terrain of Vietnam War scholarship. Editors Marilyn Young and Mark Bradley's superb group of renowned contributors spans the generations--including those who were active during wartime, along with scholars conducting resear 410 0$aReinterpreting history. 606 $aIndochinese War, 1946-1954 606 $aVietnam War, 1961-1975 607 $aVietnam$xHistory$y1945-1975 608 $aElectronic books. 615 0$aIndochinese War, 1946-1954. 615 0$aVietnam War, 1961-1975. 676 $a959.704/1 701 $aBradley$b Mark$f1961-$0474079 701 $aYoung$b Marilyn Blatt$0921767 801 0$bMiAaPQ 801 1$bMiAaPQ 801 2$bMiAaPQ 906 $aBOOK 912 $a9910451398303321 996 $aMaking sense of the Vietnam wars$92229743 997 $aUNINA LEADER 06082nam 22014173u 450 001 9910791564403321 005 20230126205418.0 010 $a1-283-27748-4 010 $a9786613277480 010 $a0-520-94821-1 024 7 $a10.1525/9780520948211 035 $a(CKB)2560000000055532 035 $a(EBL)656362 035 $a(OCoLC)703138066 035 $a(SSID)ssj0000473082 035 $a(PQKBManifestationID)11299845 035 $a(PQKBTitleCode)TC0000473082 035 $a(PQKBWorkID)10437497 035 $a(PQKB)10220674 035 $a(StDuBDS)EDZ0000083821 035 $a(MiAaPQ)EBC656362 035 $a(DE-B1597)518662 035 $a(OCoLC)707080540 035 $a(DE-B1597)9780520948211 035 $a(EXLCZ)992560000000055532 100 $a20131223d2011|||| u|| | 101 0 $aeng 135 $aur|n|---||||| 181 $ctxt 182 $cc 183 $acr 200 10$aSex Panic and the Punitive State$b[electronic resource] 210 $aBerkeley, Calif. ;$aLondon $cUniversity of California Press$d2011 215 $a1 online resource (322 p.) 300 $aDescription based upon print version of record. 311 $a0-520-25565-8 320 $aIncludes bibliographical references and index. 327 $aCover; Contents; Acknowledgments; Introduction: Fear Eats the Soul; PART ONE. SEX PANIC; 1. Panic: A Guide to the Uses of Fear; 2. Innocents at Home: How Sex Panics Reshaped American Culture; 3. To Catch a Predator: New Monsters, Imagined Risks, and the Erosion of Legal Norms; 4. The Magical Power of the Accusation: How I Became a Sex Criminal and Other True Stories; PART TWO. THE PUNITIVE STATE; 5. Zero Tolerance: Crime and Punishment in the Punitive State; 6. Innocents Abroad: Taboo and Terror in the Global War; 7. Constructing Victimization: How Americans Learned to Love Trauma 327 $a8. The Victimology Trap: Capitalism, Liberalism, and GrievanceConclusion: Whither the Punitive State?; Appendix 1: Race, Incarceration, and Notification; Appendix 2: Notes on Method; Notes; Index; A; B; C; D; E; F; G; H; I; J; K; L; M; N; O; P; Q; R; S; T; U; V; W; Y; Z 330 $aOne evening, while watching the news, Roger N. Lancaster was startled by a report that a friend, a gay male school teacher, had been arrested for a sexually based crime. The resulting hysteria threatened to ruin the life of an innocent man. In this passionate and provocative book, Lancaster blends astute analysis, robust polemic, ethnography, and personal narrative to delve into the complicated relationship between sexuality and punishment in our society. Drawing on classical social science, critical legal studies, and queer theory, he tracks the rise of a modern suburban culture of fear and d 606 $aFear - Political aspects - United States 606 $aFear --Political aspects --United States 606 $aSex - United States 606 $aSex -- United States 606 $aSex crimes - Press coverage - Political aspects - United States 606 $aSex crimes --Press coverage --Political aspects --United States 606 $aSex customs - United States 606 $aSex customs -- United States 606 $aSexual ethics - United States 606 $aSexual ethics -- United States 606 $aUnited States - Social conditions - 20th century 606 $aUnited States -- Social conditions -- 20th century 606 $aSex$xPolitical aspects$zUnited States 606 $aSexual ethics$xPolitical aspects$xPress coverage$zUnited States 606 $aSex customs$zUnited States 606 $aFear$zUnited States 606 $aSex crimes$zUnited States 606 $aGender & Ethnic Studies$2HILCC 606 $aSocial Sciences$2HILCC 606 $aGender Studies & Sexuality$2HILCC 607 $aUnited States$xSocial conditions$y20th century 610 $aamerican culture. 610 $aamerican society. 610 $aamerican studies. 610 $aanthropology. 610 $acrime and punishment. 610 $acriminology. 610 $acultural analysis. 610 $aculture of fear. 610 $aethnographers. 610 $aethnography. 610 $agender studies. 610 $ahysteria. 610 $ainnocent parties. 610 $alegal studies. 610 $anonfiction. 610 $apersonal narrative. 610 $apolemic. 610 $apunishment in society. 610 $apunitive logic. 610 $apunitive. 610 $aqueer theory. 610 $aretrospective. 610 $asex politics. 610 $asex. 610 $asexual crimes. 610 $asexuality. 610 $asocial criticism. 610 $asocial sciences. 610 $asuburban landscape. 610 $aunited states. 615 4$aFear - Political aspects - United States. 615 4$aFear --Political aspects --United States. 615 4$aSex - United States. 615 4$aSex -- United States. 615 4$aSex crimes - Press coverage - Political aspects - United States. 615 4$aSex crimes --Press coverage --Political aspects --United States. 615 4$aSex customs - United States. 615 4$aSex customs -- United States. 615 4$aSexual ethics - United States. 615 4$aSexual ethics -- United States. 615 4$aUnited States - Social conditions - 20th century. 615 4$aUnited States -- Social conditions -- 20th century. 615 0$aSex$xPolitical aspects 615 0$aSexual ethics$xPolitical aspects$xPress coverage 615 0$aSex customs 615 0$aFear 615 0$aSex crimes 615 7$aGender & Ethnic Studies 615 7$aSocial Sciences 615 7$aGender Studies & Sexuality 676 $a306.70973/09045 676 $a364.1530973 700 $aLancaster$b Roger N$01479751 801 0$bAU-PeEL 801 1$bAU-PeEL 801 2$bAU-PeEL 906 $aBOOK 912 $a9910791564403321 996 $aSex Panic and the Punitive State$93696006 997 $aUNINA